Statistics for Nascar drivers by number 2012

Click here to take the quiz!

General Stats

  • This quiz has been taken 11 times
  • The average score is 61 of 106

Answer Stats

HintAnswer% Correct
43Aric Almirola
100%
33Austin Dillon
100%
50 | 97Bill Elliott
100%
2Brad Keselowski
100%
55Brian Vickers
100%
99Carl Edwards
100%
13Casey Mears
100%
15Clint Bowyer
100%
88Dale Earnhardt Jr
100%
10Danica Patrick
100%
10 | 36 | 37Dave Blaney
100%
11Denny Hamlin
100%
1Jamie Mcmurray
100%
24Jeff Gordon
100%
20Joey Logano
100%
42Juan Pablo Montoya
100%
5Kasey Kahne
100%
29Kevin Harvick
100%
51 | 78Kurt Busch
100%
18Kyle Busch
100%
9Marcos Ambrose
100%
55Mark Martin
100%
40 | 55Michael Waltrip
100%
27Paul Menard
100%
6Ricky Stenhouse Jr
100%
7Robby Gordon
100%
39Ryan Newman
100%
14Tony Stewart
100%
21Trevor Bayne
100%
22 | 51AJ Allmendinger
67%
47Bobby Labonte
67%
34David Ragan
67%
10 | 44 | 51 | +2 othersDavid Reutimann
67%
33Elliott Sadler
67%
16Greg Biffle
67%
33Hermie Sadler
67%
31Jeff Burton
67%
19 | 33Jeff Green
67%
48Jimmie Johnson
67%
87Joe Nemechek
67%
0Mark Green
67%
56Martin Truex Jr
67%
17Matt Kenseth
67%
98Michael Mcdowell
67%
12 | 22Sam Hornish Jr
67%
37 | 97Timmy Hill
67%
33Brendan Gaughan
33%
19Chris Cook
33%
33 | 74Cole Whitt
33%
30David Stremme
33%
19 | 49 | 91Jason Leffler
33%
10 | 36 | 37 | 49JJ Yeley
33%
26Josh Wise
33%
83Landon Cassill
33%
19Mike Bliss
33%
52 | 79 | 98Mike Skinner
33%
52 | 79 | 95Scott Speed
33%
33Stephen Leicht
33%
10 | 26 | 33 | +4 othersTony Raines
33%
73 | 93Travis Kvapil
33%
30Brian SImo
0%
38David Gilliland
0%
98David Mayhew
0%
79Kelly Bires
0%
37Mike Wallace
0%
30Patrick Long
0%
74 | 79 | 91Reed Sorenson
0%
51 | 78Regan Smith
0%
23Robert Richardson Jr
0%
23Scott Riggs
0%
74Stacy Compton
0%
79Tim Andrews
0%
10Tomy Drissi
0%

Score Distribution

Percentile by Number Answered

Percent of People with Each Score

Your Score History

You have not taken this quiz